000 01166naa a22002777a 4500
001 BR8805744
003 BR-BrBNA
005 20240918180313.0
007 ta
008 230509b bl.||||| |||| 00| 0 por d
040 _aBR-BrBNA
_bpor
_cBiblioteca Nacional de Agricultura
041 _a(Pt)
072 _aU10
090 _aU10 BR8805744
100 1 _aPereira, G.T.
100 1 _aPerecin, D.
111 1 _a1. Simposio de Estatistica Aplicada a Experimentacao Agronomica; 30. Reuniao Anual da Regiao Brasileira da Sociedade Internacional de Biometria
_cPiracicaba, SP (Brazil)
_d22-26 Jul 1985
245 1 _aMaxima particao ortogonal em fracoes regulares (1/5)5 elavado ao cubo, para analise de uma superficie de resposta
260 3 _aCampinas, SP (Brasil):
_c1985.
500 _aSimposio de Estatistica Aplicada a Experimentacao Agronomica Campinas, SP (Brasil): 1985. p. 25-43 (BR8805744-AM)U10
650 _aANALISE ESTATISTICA
650 _aMATEMATICA
773 0 _tSimposio de Estatistica Aplicada a Experimentacao Agronomica
_wU10 BR8805744
_gCampinas, SP (Brasil), 1985. p. 25-43
909 _a202404
_bLucia
_c55
_dLucia Elande
942 _cAM
_2AGRIS
999 _c319694
_d319694